000 01517nam a2200397Ia 4500
001 054652
008 221003m2019 xx 000 0 spa d
035 _aCENDO_44171
041 _aspa
100 _aESPINOSA LOPEZ, Silvia
_926631
245 0 _a<¡>8M :
_buna lucha sin tregua, un camino sin retorno! /
_cSilvia Espinosa López
260 _aSevilla :
_bFederación de Sanidad y Sectores Sociosanitarios de Andalucía, Área de Comunicación de CCOO,
_c2019
300 _a1 p. ;
_c 30 cm
500 _aEn: Correo Sanitario, n. 749 (marzo 2019), p. 4
650 _aDIA INTERNACIONAL DE LA MUJER
_97831
650 _aANDALUCIA
_9516
650 0 _aCOMUNIDADES AUTONOMAS
_9344
650 0 _aACTITUD SINDICAL
_961
650 0 _aMOVIMIENTO FEMINISTA
_94309
650 0 _aTRABAJADORAS
_927153
650 _aIGUALDAD DE DERECHOS
_91832
650 _aDISCRIMINACION POR RAZONES DE SEXO
_9201
650 _aMUJERES
_9199
650 _aDIFERENCIA DEL SALARIO
_91833
710 _aCCOO.
_bFederación de Sanidad y Sectores Sociosanitarios.
_bFederación de Andalucía.
_bÁrea de Comunicación
_919876
710 _aCCOO
_bFederación de Sanidad y Sectores Sociosanitarios
_bFederación de Andalucía
_921628
856 _zPDF
_uhttp://docpublicos.ccoo.es/cendoc/054652LuchaSinTregua.pdf
901 _a1
903 _aNO
904 _a000
907 _a8 de Marzo
953 _d2019-03-07
_yDOCU_ELEC
_hCorreo Sanitario, n. 749 (marzo 2019), p. 4
_tPS85
999 _c44170
_d44170
910 _a2019
942 _cDOCU_ELEC